000 01067nam a2200265 i 4500
001 49037
003 ES-MaACL
005 20250919150713.0
007 t|
008 030707s1911 sp ||||1| lat d
245 0 0 _aCorpus Juris Civilis.
260 _aBerolini :
_bapud Weidmannos,
_c1911.
300 _a3 v. ;
_c27 cm.
500 _aPertenecen a distintas ediciones.
505 8 _aContiene: V. I: Institutions recognovit / Paulus Krneger ; Digesta recognovit / Theodorus Mommsen ; Retractavit / Paulus Krneger. V. II: Codex justinianus recongovit / Paulus Krneger. V. III: Novellae recognovit / Rudolfus Schoell opus Schoellii morte interceptum absolvit Guillelmus Kroll
630 0 7 _aCorpus juris civilis.
_pInstitutiones
_2
_9135271
630 0 4 _aDigesta.
_9149974
650 0 7 _aDerecho romano
_2embne
_911764
700 1 _aKrneger, Paulus.
_968874
700 1 _aMommsen, Theodor,
_d1817-1903
_982081
700 1 _aSchoell, Rudolfus.
_9104602
700 1 _aKroll, Guillelmus.
_968881
852 _aES-MaACL
_jB-5079-81
999 _c49037
_d49037